03743nam a2200481Ia 4500003000900000008002700009020001800036040002800054082001600082100002700098245011900125250002300244260004200267300002700309490008500336650002600421650002400447650003800471700003100509942001200540999001500552952012100567952012500688952013100813952013000944952012301074952012401197952012801321952012501449952012401574952012501698952012901823952012501952952012502077952014402202952012902346952012802475952013602603952013002739952013102869952013003000952013103130CO-ViMGA180103s9999 xx 000 0 und d a9789585436442 aCO-ViMGAbspacCO-ViMGA04a155.2 bC411 a Joaquim Soler 91217210aClaves y enigmas de la personalidad :b¿por qué soy así? /ccoordinadores Joaquim Soler y Juan Carlos Pascual aEdición especial aBogotá :bCírculo cultural,c2017 a255 páginas ;b24 cm a(Plan Nacional de Lectura y Escritura Leer es mi Cuento / Ministerio de Cultura)14aIndividualidad91217314aPersonalidad91217414aTrastornos De Personalidad9121751 aJuan Carlos Pascual912176 2ddccBK c8452d8452 00102ddc40708GENaMEPRICObMEPRICOcGENd2022-12-02o1552 C41pPR00000037r2022-12-02 00:00:00tEj.1w2022-12-02 00102ddc40708GENaMEDORADObMEDORADOcGENd2022-12-07l0o155.2 C41pDOR00096r2022-12-07 00:00:00tEj.1w2022-12-07 00102ddc40708GENaMEPLLERASbMEPLLERAScGENd2023-02-20l0o155.2 C41pPLL00091r2023-02-20 00:00:00tEj.1w2023-02-20yBK 00102ddc40708GENaMEGUAMALbMEGUAMALcGENd2023-03-07l0o155.2 C41pGUA002005r2023-03-07 00:00:00tEj.1w2023-03-07yBK 00102ddc40708GENaMEMAPIRIbMEMAPIRIcGENd2023-03-17l0o155.2pMAP0000101r2023-03-17 00:00:00tEj.1w2023-03-17 00102ddc40708GENaMESMARTIbMESMARTIcGENd2023-03-24l0o155.2 C41pSM00887r2023-03-24 00:00:00tEj.1w2023-03-24 00102ddc40708GENaMEFTEORObMEFTEOROcGENd2023-04-20l0o155.2 C41pFo00066r2023-04-20 00:00:00tEj.1w2023-04-20yBK 00102ddc40708GENaMELEJANIbMELEJANIcGENd2023-06-02l0o155.2 C41pLEJ00084r2023-06-02 00:00:00tEj.1w2023-06-02 00102ddc40708GENaMESARAMAbMESARAMAcGENd2023-06-07l0o155 2C41pSJA00232r2023-06-07 00:00:00tEj.1w2023-06-07 00102ddc40708GENaMESARAMAbMESARAMAcGENd2023-06-08l0o155 2 C41pSJA00239r2023-06-08 00:00:00tEj.1w2023-06-08 00102ddc40708GENaMESARAMAbMESARAMAcGENd2023-06-08l0o155.2 C41pSJA00240r2023-06-08 00:00:00tEj.1w2023-06-08yBK 00102ddc40708GENaMEMACAREbMEMACAREcGENd2023-07-12l0o155.2 C41pLM00047r2023-07-12 00:00:00tEj.1w2023-07-12 00102ddc40708GENaMECUBARRbMECUBARRcGENd2023-08-03l0o155.2 C41pCUB02129r2023-08-03 15:22:35tEj.1w2023-08-03 00102ddc40708002aMEVIECARbMEVIECARd2019-09-01g4781.00l2m6o155.2 C41p331270r2018-09-24 00:00:00s2018-05-16t1w2018-03-12yBK 00102ddc40708GENaMEBAUPIAbMEBAUPIAcGENd2023-10-12l0o155.2 C41pBUP01077r2023-10-12 14:22:45tEj.1w2023-10-12yBK 00102ddc40708GENaMECUMARAbMECUMARAcLITd2024-05-09l0o155.2C41pCUM00073r2024-05-09 20:20:51tEj.1w2024-05-09yBK 001040708001aMEVIGERRbMEVIGERRcGENd2018-01-13o155.2 C41pECA26333r2024-11-26 09:50:47tEj.1w2024-11-26yBKz19789 | 25368 00102ddc40708GENaMERESTREbMERESTREcGENd2025-05-23l0o155.2 C41pRES00108r2025-05-23 14:43:04tEj.1w2025-05-23yBK 00102ddc40708GENaMECABUYAbMECABUYAcGENd2025-10-02l0o155.2 C41pCAB001318r2025-10-02 20:50:48tEj.1w2025-10-02yBK 00102ddc40708GENaMELAJULIbMELAJULIcGENd2025-10-24l0o155.2 C41pJUL00109r2025-10-24 14:52:03tEj.1w2025-10-24yBK 00102lcc40708GENaMEPCONCObMEPCONCOcGENd2026-01-28l0o155.2 C41pPCON00414r2026-01-28 15:23:10tEj.1w2026-01-28yBK